Équipes ayant perdu le plus de matches au Championnat d'Europe - Statistiques

Statistiques générales
  • Ce quiz a été pris 26 fois
    9 depuis la dernière actualisation
  • Le résultat moyen est 13 sur 14
Statistiques - réponses
Matchs perdus Équipe % Correct
14 Allemagne / Allemagne de l’Ouest
100%
11 Belgique
100%
10 Espagne
100%
11 France
100%
13 Pays-Bas
100%
11 Portugal
100%
16 Russie / Union soviétique
100%
11 Angleterre
88%
18 Danemark
88%
17 République tchèque / Tchécoslovaquie
88%
12 Roumanie
88%
10 Serbie / Yougoslavie
88%
14 Turquie
88%
10 Suède
63%
Aucun quiz correspondant
Distribution des résultats
% des personnes avec chaque résultat
Percentile par nombre de réponses
Votre historique - résultats
Vous n’avez pas pris ce quiz depuis la dernière actualisation